| 000 | 00000nam 2200000zi 4500 |
| 001 | 9.925218 |
| 003 | CaOODSP |
| 005 | 20241203113656 |
| 006 | m o d f |
| 007 | cr |n||||||||| |
| 008 | 230719e19990903onc ob f|0| 0 eng d |
| 040 | |aCaOODSP|beng|erda|cCaOODSP |
| 043 | |an-cn--- |
| 086 | 1 |aEn4-552/1999E-PDF |
| 100 | 1 |aChestnut, Lauraine G., |eauthor. |
| 245 | 10|aAir quality valuation model version 3.0 (AQVM 3.0) : |breport 2: methodology : final report / |cprepared for: Environment Canada, Health Canada; prepared by: Lauraine G. Chestnut, David Mills, Robert D. Rowe, Stratus Consulting Inc. |
| 264 | 1|a[Ottawa] : |b[Environment Canada], |cSeptember 3, 1999. |
| 300 | |a1 online resource (1 volume (various pagings)) |
| 336 | |atext|btxt|2rdacontent |
| 337 | |acomputer|bc|2rdamedia |
| 338 | |aonline resource|bcr|2rdacarrier |
| 500 | |aDigitized edition from print [produced by Environment and Climate Change Canada]. |
| 504 | |aIncludes bibliographical references. |
| 650 | 0|aAir|xPollution|zCanada|xMeasurement. |
| 650 | 0|aAir quality indexes|zCanada. |
| 650 | 0|aAir|xPollution|xHealth aspects|zCanada. |
| 650 | 0|aAir|xPollution|xEnvironmental aspects|zCanada. |
| 650 | 6|aAir|xPollution|zCanada|xMesure. |
| 650 | 6|aAir|xQualité|xIndices|zCanada. |
| 650 | 6|aAir|xPollution|xAspect sanitaire|zCanada. |
| 650 | 6|aAir|xPollution|xAspect de l'environnement|zCanada. |
| 710 | 1 |aCanada. |bEnvironment Canada, |eissuing body. |
| 710 | 1 |aCanada. |bHealth Canada, |eissuing body. |
| 856 | 40|qPDF|s3.24 MB|uhttps://publications.gc.ca/collections/collection_2024/eccc/en4/En4-552-1999-eng.pdf |